「あ」を115回入力 - Statistics

General Stats
  • This quiz has been taken 1,465 times
    1,464 since last reset
  • The average score is 86 of 115
Answer Stats
Answer % Correct
100%
98%
98%
97%
97%
97%
97%
97%
97%
97%
96%
96%
96%
96%
96%
96%
95%
95%
95%
95%
95%
94%
94%
94%
94%
93%
93%
93%
93%
93%
93%
93%
93%
93%
93%
93%
92%
92%
92%
91%
91%
91%
91%
90%
90%
90%
90%
90%
90%
89%
88%
88%
88%
87%
87%
86%
85%
85%
85%
85%
84%
84%
84%
83%
83%
82%
82%
81%
81%
80%
79%
79%
77%
77%
76%
74%
74%
71%
71%
69%
67%
65%
64%
63%
60%
59%
57%
56%
55%
53%
52%
50%
47%
46%
44%
43%
41%
39%
37%
36%
35%
34%
33%
31%
30%
29%
28%
26%
24%
24%
23%
22%
20%
19%
17%
No matching quizzes found
Score Distribution
Percent of People with Each Score
Percentile by Number Answered
Your Score History
You have not taken this quiz since the last reset